|
|
|
|
| LEADER |
00000cas a2200000 a 4500 |
| 001 |
vtls008884381 |
| 003 |
SK-MaSNL |
| 005 |
20260228162245.0 |
| 008 |
170105d19951998xo au|p 0 0 b0slo |
| 022 |
|
|
|a 1335-1192
|
| 035 |
|
|
|a (SVKBB03)vtls000148672
|
| 040 |
|
|
|a SVKBB
|b slo
|c SVKBB
|d SNK
|e AACR2
|
| 041 |
0 |
|
|a slo
|
| 044 |
|
|
|a xo
|c SK
|
| 072 |
|
7 |
|a 616
|x Patológia. Klinická medicína
|2 konspekt
|
| 080 |
|
|
|a 616.65
|2 2001
|
| 080 |
|
|
|a 050
|2 2001
|
| 210 |
0 |
|
|a Prostata
|b (Martin)
|
| 222 |
|
0 |
|a Prostata
|b (Martin)
|
| 245 |
0 |
0 |
|a Prostata
|b časopis Slovenskej rady pre ochorenia prostaty
|
| 260 |
|
|
|a Martin
|b Slovenská rada pre ochorenia prostaty (SROP)
|c 1995-1998
|
| 300 |
|
|
|a 4 zv.
|c 30 cm
|
| 310 |
|
|
|a 1x ročne
|b 1997-1998
|
| 321 |
|
|
|a 3x ročne
|b 1996
|
| 321 |
|
|
|a 2x ročne
|b 1995
|
| 362 |
0 |
|
|a Roč. 1, č. 1 (1995)-roč. 4, č. 1 (1998)
|
| 500 |
|
|
|a Zodp. red.: 1995-2/1996, Ján Kliment
|
| 500 |
|
|
|a Ved. red.: 3/1996-1998, Ján Kliment
|
| 500 |
|
|
|a Reg. číslo: MK 1218/95
|
| 650 |
0 |
7 |
|a prostata
|2 SNKPH
|9 28681
|
| 650 |
0 |
7 |
|a urológia
|2 SNKPH
|9 2605
|
| 655 |
|
7 |
|a špecializované časopisy
|2 SNKPH
|9 70509
|
| 700 |
1 |
|
|a Kliment, Ján,
|d 1946-
|4 lso
|4 pbd
|9 197675
|
| 910 |
|
|
|a snk
|
| 916 |
|
|
|a 1995-1998
|
| 958 |
|
|
|a ANL
|
| 958 |
|
|
|a OND
|
| 999 |
|
|
|c 7315
|d 9245
|
| 952 |
|
|
|0 0
|1 0
|4 0
|7 0
|a SNK
|b SNK
|d 2023-10-19
|i snkČSP 544/2004
|l 0
|o snkČSB 5292/2/1996 D1
|p 17A1349137
|r 2026-02-21 19:47:41
|t č. 1-3
|w 2026-02-21
|y PREZ
|
| 952 |
|
|
|0 0
|1 0
|4 0
|7 0
|a SNK
|b SNK
|d 2015-09-02
|f 1
|i snkČSP 541/2004
|l 0
|o snkČSB 5292/1/1995
|p 17A0922711
|r 2026-02-21 20:43:32
|t č. 1-2, neúpl.
|w 2026-02-21
|y PREZ
|z chýba č. 1
|
| 952 |
|
|
|0 0
|1 0
|4 0
|7 0
|a SNK
|b SNK
|d 2015-09-02
|f 1
|i snkČSP 543/2004
|l 0
|o snkČSB 5292/2/1996
|p 17A0922707
|r 2026-02-21 20:43:32
|t č. 1-3
|w 2026-02-21
|y PREZ
|
| 952 |
|
|
|0 0
|1 0
|4 0
|7 0
|a SNK
|b SNK
|d 2015-09-02
|f 1
|i snkČSP 545/2004
|l 0
|o snkČSB 5292/3/1997
|p 17A0922712
|r 2026-02-21 20:43:32
|t č. 1
|w 2026-02-21
|y PREZ
|
| 952 |
|
|
|0 0
|1 0
|4 0
|7 0
|a SNK
|b SNK
|d 2015-09-02
|f 1
|i snkČSP 547/2004
|l 0
|o snkČSB 5292/4/1998
|p 17A0922708
|r 2026-02-21 20:43:32
|t č. 1
|w 2026-02-21
|y PREZ
|